Footballeurs de l'année 2025 par lettre A-Z - Statistiques

Statistiques générales
  • Ce quiz a été pris 155 fois
  • Le résultat moyen est 16 sur 26
Statistiques - réponses
Lettre Club Joueur % Correct
Y Barcelone Lamine Yamal
85%
M Real Madrid Kylian Mbappé
83%
D Paris SG Ousmane Dembélé
83%
A Atlético Madrid Julián Alvarez
81%
O Bayern Munich Michael Olise
79%
P Barcelone Pedri
79%
B Real Madrid Jude Bellingham
78%
V Paris SG Vitinha
78%
T Inter Milan Marcus Thuram
74%
S Liverpool Mohamed Salah
71%
H Paris SG Achraf Hakimi
70%
N Paris SG João Neves
69%
E Liverpool Hugo Ekitike
67%
R Barcelone Raphinha
62%
L Barcelone Robert Lewandowski
57%
X Sunderland Granit Xhaka
55%
U Bayern Munich Dayot Upamecano
54%
G Arsenal Viktor Gyökeres
54%
K Paris SG Khvicha Kvaratskhelia
51%
Z Arsenal Martín Zubimendi
46%
C Chelsea Moisés Caicedo
46%
I Liverpool Alexander Isak
45%
W Liverpool Florian Wirtz
45%
F Chelsea Enzo Fernández
43%
J Liverpool Diogo Jota
38%
Q Sporting Portugal Geovany Quenda
23%
Aucun quiz correspondant
Distribution des résultats
% des personnes avec chaque résultat
Percentile par nombre de réponses
Votre historique - résultats
Vous n’avez pas pris ce quiz